[Event "Remembrance Day op"]
[Site "Winnipeg CAN"]
[Date "1997.11.09"]
[Round "4"]
[White "Lukic, Luka"]
[Black "Khedkar, Jay"]
[Result "0-1"]
[WhiteElo "1925"]
[BlackElo "1985"]
[PlyCount "64"]
[GameId "2160767911874403"]
[EventDate "1997.11.07"]
[EventType "swiss"]
[EventRounds "5"]
[EventCountry "CAN"]

1. d4 Nf6 2. c4 e6 3. Nc3 d5 4. Bg5 Be7 5. e3 O-O 6. Nf3 h6 7. Bh4 Ne4 8. Bxe7 Qxe7 9. Qc2 Nxc3 10. Qxc3 b6 11. Rc1 dxc4 12. Bxc4 Bb7 13. Be2 c5 14. dxc5 Rc8 15. O-O Nd7 16. b4 bxc5 17. bxc5 Nxc5 18. Qa3 Kf8 19. Ne5 Ne4 20. Rxc8+ Rxc8 21. Qxa7 Ra8 22. Qd4 Rxa2 23. Bh5 Rd2 24. Qa1 Nxf2 25. Bf3 Nd3 26. Ng6+ fxg6 27. Bxb7+ Kg8 28. Be4 Qg5 29. Qd4 Kh7 30. g3 Qh5 31. Bg2 Qe2 32. Qe4 Ne1 0-1

[Event "Remembrance Day op"]
[Site "Winnipeg CAN"]
[Date "1997.11.09"]
[Round "4"]
[White "Zinderine, Geoff"]
[Black "Roque, Rodolfo"]
[Result "0-1"]
[WhiteElo "1702"]
[BlackElo "2051"]
[PlyCount "59"]
[GameId "2160767911874404"]
[EventDate "1997.11.07"]
[EventType "swiss"]
[EventRounds "5"]
[EventCountry "CAN"]

1. e4 d5 2. exd5 Nf6 3. Nf3 Nxd5 4. Be2 Bf5 5. a3 e6 6. O-O Bd6 7. d4 b6 8. Bg5 f6 9. Bd2 O-O 10. Nh4 Ne7 11. Bf3 c6 12. Re1 e5 13. Nxf5 Nxf5 14. d5 c5 15. c4 Nd7 16. Nc3 Nd4 17. Ne4 Qc7 18. Rc1 Rab8 19. Re3 f5 20. Nxd6 Qxd6 21. b4 e4 22. Be2 Nf6 23. Bc3 f4 24. Rh3 Qe5 25. Bxd4 cxd4 26. Qd2 Rfe8 27. Rd1 d3 28. Bf1 Qd4 29. Rc1 Ng4 30. Rc3 0-1

[Event "Remembrance Day op"]
[Site "Winnipeg CAN"]
[Date "1997.11.09"]
[Round "5"]
[White "Agusti, Marcos"]
[Black "Gannon, Keith"]
[Result "0-1"]
[WhiteElo "1618"]
[BlackElo "1682"]
[PlyCount "142"]
[GameId "2160767911874405"]
[EventDate "1997.11.07"]
[EventType "swiss"]
[EventRounds "5"]
[EventCountry "CAN"]

1. d4 d5 2. c4 e6 3. a3 Nf6 4. e3 Be7 5. Nc3 c6 6. Nf3 Nbd7 7. cxd5 cxd5 8. Bd3 O-O 9. Bd2 Re8 10. O-O a6 11. Rc1 Bd6 12. Qc2 b5 13. Ne2 Bb7 14. Qb1 Rc8 15. Rxc8 Bxc8 16. Rc1 Qe7 17. Ng3 e5 18. dxe5 Nxe5 19. Nxe5 Bxe5 20. Nf5 Bxf5 21. Bxf5 g6 22. Bd3 Ne4 23. Bxe4 dxe4 24. Rc2 Qd7 25. Ba5 Qb7 26. Qc1 Qb8 27. g3 Kg7 28. Rc6 Qa8 29. Qc2 Bf6 30. Bb6 Qb7 31. Bd4 Bxd4 32. exd4 e3 33. Kf1 exf2 34. Kxf2 Qe7 35. Qd2 Qe4 36. Rc1 Re6 37. Rd1 Rf6+ 38. Kg1 Qd5 39. Rc1 Rd6 40. Rd1 h5 41. Qc3 Rc6 42. Qe3 Rc2 43. Rd2 Rc1+ 44. Kf2 Qh1 45. Qe5+ Kh7 46. Ke3 Re1+ 47. Re2 Rxe2+ 48. Kxe2 Qxh2+ 49. Kf3 Qxb2 50. Qd6 Qc3+ 51. Ke4 a5 52. d5 b4 53. axb4 axb4 54. Qb8 b3 55. d6 Qxg3 56. Qc7 Kg7 57. Qc4 Qe1+ 58. Kd5 Qd2+ 59. Ke4 Qc2+ 60. Kd4 Qxc4+ 61. Kxc4 b2 62. d7 b1=Q 63. d8=Q Qc2+ 64. Kb5 Qb3+ 65. Kc5 Qc3+ 66. Kb5 Qf6 67. Qd2 h4 68. Qe3 g5 69. Qh3 Kg6 70. Kb4 Qf4+ 71. Kc3 Qg3+ 0-1

[Event "Remembrance Day op"]
[Site "Winnipeg CAN"]
[Date "1997.11.09"]
[Round "5"]
[White "Armstrong, Jeff"]
[Black "Hanrahan, Nigel"]
[Result "1/2-1/2"]
[WhiteElo "1503"]
[BlackElo "1656"]
[PlyCount "73"]
[GameId "2160767911874406"]
[EventDate "1997.11.07"]
[EventType "swiss"]
[EventRounds "5"]
[EventCountry "CAN"]

1. d4 Nf6 2. c4 g6 3. Nc3 Bg7 4. e4 d6 5. f3 O-O 6. Be3 c6 7. Bd3 Nbd7 8. Nge2 e5 9. d5 c5 10. Qd2 Nb6 11. g4 Bxg4 12. fxg4 Nxg4 13. Ng3 Nxe3 14. Qxe3 Qd7 15. O-O-O Qh3 16. Nf5 Qxe3+ 17. Nxe3 Bh6 18. Rde1 f5 19. exf5 gxf5 20. Kc2 e4 21. Bxe4 fxe4 22. Nxe4 Bxe3 23. Rxe3 Nxc4 24. Rg3+ Kh8 25. Kc3 Nb6 26. Nxd6 Nxd5+ 27. Kc4 Nb6+ 28. Kxc5 Nc8 29. Rd1 Nxd6 30. Rxd6 Rac8+ 31. Kd5 Rc2 32. Rd7 Rd2+ 33. Ke6 Re2+ 34. Kd6 Rd2+ 35. Ke7 Rxd7+ 36. Kxf8 Rd8+ 37. Kf7 1/2-1/2

[Event "Remembrance Day op"]
[Site "Winnipeg CAN"]
[Date "1997.11.09"]
[Round "5"]
[White "Hassain, Mahmud"]
[Black "Lukic, Luka"]
[Result "1-0"]
[WhiteElo "1868"]
[BlackElo "1925"]
[PlyCount "129"]
[GameId "2160767911874407"]
[EventDate "1997.11.07"]
[EventType "swiss"]
[EventRounds "5"]
[EventCountry "CAN"]

1. e4 c6 2. d4 d5 3. exd5 cxd5 4. c4 Nc6 5. Be3 Nf6 6. h3 Bf5 7. Nc3 e6 8. Nf3 Bb4 9. Nd2 dxc4 10. a3 Bxc3 11. bxc3 b5 12. Be2 Nd5 13. Qc1 O-O 14. Nf3 Nxe3 15. Qxe3 Ne7 16. O-O Nd5 17. Qd2 Qc7 18. Ne1 Nf4 19. Bf3 Rab8 20. Nc2 Nd3 21. Nb4 Rb6 22. Nxd3 cxd3 23. a4 Rc8 24. Rfc1 Rcb8 25. a5 Ra6 26. Qb2 Rxa5 27. Rxa5 Qxa5 28. c4 Rc8 29. Ra1 Qc7 30. c5 Rb8 31. Qb4 h6 32. Ra6 Qf4 33. c6 Qc7 34. Qc5 Qf4 35. Rxa7 d2 36. Qe5 Qxe5 37. dxe5 Bc2 38. Rd7 Kh7 39. Rxd2 Bb3 40. Rd7 Bd5 41. Bxd5 exd5 42. Rxf7 Rb6 43. Rb7 Rxc6 44. Rxb5 Rc1+ 45. Kh2 d4 46. Rd5 Rd1 47. Rd6 Kg8 48. h4 Kf8 49. Kg3 Rd3+ 50. f3 Rd2 51. h5 Rd1 52. Kg4 d3 53. f4 d2 54. Kf5 Ke7 55. Kg6 Rf1 56. Rxd2 Rxf4 57. Kxg7 Ke6 58. Rd6+ Kxe5 59. Rxh6 Rb4 60. Rf6 Rb7+ 61. Kg6 Rb8 62. Kg5 Rb2 63. g4 Rb4 64. Rf8 Ke6 65. h6 1-0

[Event "Remembrance Day op"]
[Site "Winnipeg CAN"]
[Date "1997.11.09"]
[Round "5"]
[White "Kaptsan, Aron"]
[Black "Roque, Rodolfo"]
[Result "1-0"]
[WhiteElo "2253"]
[BlackElo "2051"]
[PlyCount "57"]
[GameId "2160767911874408"]
[EventDate "1997.11.07"]
[EventType "swiss"]
[EventRounds "5"]
[EventCountry "CAN"]

1. d4 d6 2. c4 Bg4 3. Qb3 Qc8 4. f3 Bh5 5. Qb5+ Nd7 6. Qxh5 Ngf6 7. Qg5 e5 8. dxe5 Nxe5 9. e4 Be7 10. Qd2 Qe6 11. b3 O-O-O 12. Nc3 c6 13. Nge2 Rhe8 14. Nf4 Qd7 15. Bb2 d5 16. cxd5 Bb4 17. O-O-O Qc7 18. Kb1 g5 19. Nd3 Nxd3 20. Bxd3 cxd5 21. exd5 Kb8 22. Qc2 Qa5 23. Bc4 Rd6 24. Nb5 Ra6 25. a3 Bf8 26. d6 Qd8 27. Nc7 Bxd6 28. Nxe8 Rc6 29. Rxd6 1-0

[Event "Remembrance Day op"]
[Site "Winnipeg CAN"]
[Date "1997.11.09"]
[Round "5"]
[White "Khedkar, Jay"]
[Black "Gentes, Kevin"]
[Result "0-1"]
[WhiteElo "1985"]
[BlackElo "2363"]
[PlyCount "86"]
[GameId "2160767911874409"]
[EventDate "1997.11.07"]
[EventType "swiss"]
[EventRounds "5"]
[EventCountry "CAN"]

1. e4 c5 2. Nf3 d6 3. d4 cxd4 4. Nxd4 Nf6 5. Nc3 a6 6. Bg5 e6 7. f4 Nbd7 8. Qf3 Qc7 9. O-O-O Be7 10. Bd3 h6 11. Bh4 g5 12. fxg5 Ne5 13. Qe2 Nfg4 14. h3 hxg5 15. Bg3 Nf6 16. Nf3 Nh5 17. Nxe5 Nxg3 18. Qf3 dxe5 19. Qxg3 Rh4 20. Ne2 Qc5 21. Rhf1 Bd7 22. Qf3 f6 23. Ng3 O-O-O 24. Qf2 Qxf2 25. Rxf2 Rdh8 26. Be2 Rf4 27. Bf3 Bc5 28. Rff1 Bb5 29. Be2 Bxe2 30. Nxe2 Rxe4 31. Nc3 Rf4 32. Rxf4 exf4 33. Ne4 Be7 34. Nd6+ Kc7 35. Nxb7 f3 36. gxf3 Rxh3 37. Na5 Rxf3 38. Rd4 f5 39. Kd2 g4 40. Nc4 Bc5 41. Rd3 Rxd3+ 42. cxd3 g3 43. Ne5 g2 0-1

[Event "Remembrance Day op"]
[Site "Winnipeg CAN"]
[Date "1997.11.09"]
[Round "5"]
[White "Milord, Frank"]
[Black "Zinderine, Geoff"]
[Result "0-1"]
[WhiteElo "1727"]
[BlackElo "1702"]
[PlyCount "70"]
[GameId "2160767911874410"]
[EventDate "1997.11.07"]
[EventType "swiss"]
[EventRounds "5"]
[EventCountry "CAN"]

1. d4 c6 2. e4 d5 3. exd5 cxd5 4. Bd3 Nc6 5. c3 Nf6 6. Bf4 Bg4 7. Qb3 Qc8 8. h3 Bh5 9. Nd2 e6 10. Ngf3 Be7 11. O-O Bg6 12. Bxg6 hxg6 13. Qc2 Nh5 14. Bh2 Qd7 15. Ne5 Nxe5 16. dxe5 Bg5 17. f4 Bd8 18. g4 Nxf4 19. Bxf4 Rxh3 20. Kg2 Rh4 21. g5 Rc8 22. Kf3 d4 23. Qd3 Bxg5 24. Kg3 Rxf4 25. Rxf4 Bxf4+ 26. Kxf4 dxc3 27. Qxd7+ Kxd7 28. bxc3 Rxc3 29. Rb1 b6 30. Ne4 Rc4 31. Rg1 Ra4 32. Rg2 Rd4 33. Ke3 Rd5 34. Kf4 Ke7 35. Ke3 Rxe5 0-1

[Event "Renfrew op"]
[Site "Renfrew CAN"]
[Date "1997.08.23"]
[Round "1"]
[White "Gould, Charles"]
[Black "Teuton, Frank"]
[Result "0-1"]
[WhiteElo "2001"]
[BlackElo "2204"]
[PlyCount "120"]
[GameId "2160767911932164"]
[EventDate "1997.08.23"]
[EventType "swiss"]
[EventRounds "5"]
[EventCountry "CAN"]

1. e4 c6 2. d4 g6 3. g3 d5 4. Nc3 dxe4 5. Nxe4 Bg7 6. c3 Be6 7. Nh3 Bd5 8. f3 Nd7 9. Nf4 Bxe4 10. fxe4 e5 11. Ne2 Ngf6 12. Bg2 O-O 13. O-O Re8 14. Qb3 Qb6 15. Bh3 Qxb3 16. axb3 exd4 17. Nxd4 Rxe4 18. Bf4 Nc5 19. Bg2 Ree8 20. Nxc6 bxc6 21. Bxc6 Nxb3 22. Ra3 Nc5 23. Bxe8 Nxe8 24. Rfa1 a6 25. Be3 Bf8 26. b4 Ne4 27. Rxa6 Rxa6 28. Rxa6 Nxc3 29. Ra8 Nc7 30. Rc8 N3d5 31. Bh6 Ne6 32. Rb8 f5 33. b5 Kf7 34. Rb7+ Be7 35. b6 Nxb6 36. Rb8 g5 37. h4 gxh4 38. gxh4 Nd7 39. Rb7 Nec5 40. Rc7 Bxh4 41. Be3 Be7 42. Kg2 h5 43. Kf3 Bd6 44. Ra7 Ke6 45. Ra8 Ne5+ 46. Ke2 Ng6 47. Rg8 Kf7 48. Rd8 Ne4 49. Rd7+ Ke6 50. Rg7 Kf6 51. Bd4+ Kg5 52. Kf3 h4 53. Rh7 Bg3 54. Bb6 Ne5+ 55. Kg2 f4 56. Rg7+ Kf6 57. Rh7 f3+ 58. Kf1 f2 59. Kg2 Kg6 60. Re7 h3+ 0-1

[Event "Renfrew op"]
[Site "Renfrew CAN"]
[Date "1997.08.23"]
[Round "1"]
[White "Pacey, Kevin"]
[Black "Dydak, Mateusz"]
[Result "1-0"]
[WhiteElo "2287"]
[BlackElo "2078"]
[PlyCount "63"]
[GameId "2160767911932165"]
[EventDate "1997.08.23"]
[EventType "swiss"]
[EventRounds "5"]
[EventCountry "CAN"]

1. e4 e6 2. d4 d5 3. Nc3 Bb4 4. e5 c5 5. a3 Ba5 6. b4 cxd4 7. Nb5 Bc7 8. f4 Ne7 9. Nf3 Nbc6 10. Nxc7+ Qxc7 11. Bd3 Bd7 12. O-O f6 13. Qe2 O-O 14. exf6 gxf6 15. b5 Na5 16. Nxd4 e5 17. fxe5 fxe5 18. Bxh7+ Kxh7 19. Qh5+ Kg8 20. Qg5+ Kh8 21. Qh6+ Kg8 22. Qg5+ Kh8 23. Qh5+ Kg8 24. Bh6 Nf5 25. Bxf8 Rxf8 26. Nxf5 Rxf5 27. Rxf5 Bxf5 28. Qxf5 Qc5+ 29. Kh1 Qd4 30. Qg6+ Kf8 31. Rf1+ Ke7 32. Rf7+ 1-0

[Event "Renfrew op"]
[Site "Renfrew CAN"]
[Date "1997.08.23"]
[Round "2"]
[White "Pacey, Kevin"]
[Black "Schleifer, Michael"]
[Result "1-0"]
[WhiteElo "2289"]
[BlackElo "2439"]
[PlyCount "129"]
[GameId "2160767911932166"]
[EventDate "1997.08.23"]
[EventType "swiss"]
[EventRounds "5"]
[EventCountry "CAN"]

1. d4 Nf6 2. Nc3 d5 3. Bg5 Nbd7 4. f4 e6 5. a3 c5 6. e3 Qb6 7. Be2 Be7 8. Nh3 h6 9. Bh4 Ne4 10. Bxe7 Kxe7 11. Nxe4 dxe4 12. dxc5 Qxc5 13. Qd2 Nf6 14. O-O-O Nd5 15. Qd4 Qxd4 16. Rxd4 f5 17. Kd2 Bd7 18. c4 Nf6 19. Rd1 g5 20. Ke1 Rhg8 21. g4 a5 22. gxf5 exf5 23. Rd6 g4 24. Nf2 Rad8 25. Kf1 h5 26. b4 axb4 27. axb4 Rgf8 28. c5 Ra8 29. Rc1 Ra3 30. Nd1 Rb3 31. Rb6 Bc8 32. Bc4 Ra3 33. Nc3 Rd8 34. Ke2 h4 35. Nb5 Ra8 36. Nd6 Rb8 37. Nxc8+ Rdxc8 38. Re6+ Kf7 39. Re5+ Kg6 40. Be6 Re8 41. Bxf5+ Kf7 42. Rxe8 Rxe8 43. b5 Re7 44. b6 g3 45. hxg3 hxg3 46. Bc8 Re8 47. Bxb7 Rh8 48. Rg1 Rh2+ 49. Kd1 Ng4 50. Rxg3 Nf2+ 51. Kc1 Nd3+ 52. Kb1 Nxc5 53. Bd5+ Ke7 54. b7 Rh8 55. Rg6 Rb8 56. f5 Kd7 57. Ka2 Rf8 58. Rb6 Rb8 59. Ka3 Ke7 60. f6+ Kf8 61. f7 Nd7 62. Rg6 Ke7 63. Rg8 Nf8 64. Kb4 Kd6 65. Bxe4 1-0

[Event "Renfrew op"]
[Site "Renfrew CAN"]
[Date "1997.08.23"]
[Round "3"]
[White "Djerkovic, Miladin"]
[Black "Pacey, Kevin"]
[Result "1/2-1/2"]
[WhiteElo "2391"]
[BlackElo "2289"]
[PlyCount "77"]
[GameId "2160767911932167"]
[EventDate "1997.08.23"]
[EventType "swiss"]
[EventRounds "5"]
[EventCountry "CAN"]

1. e4 e6 2. d4 d5 3. Nc3 Bb4 4. e5 c5 5. a3 Bxc3+ 6. bxc3 Ne7 7. Nf3 Qa5 8. Bd2 Nbc6 9. a4 Bd7 10. Bb5 c4 11. O-O h6 12. Re1 O-O-O 13. Bc1 g5 14. Ba3 g4 15. Nh4 Qxc3 16. Bxe7 Nxe7 17. Re3 Qa5 18. Bxd7+ Rxd7 19. Qxg4 Rg8 20. Qe2 Qd8 21. c3 Nc6 22. Rh3 Qg5 23. Rg3 Qd8 24. Rh3 Qg5 25. g3 f5 26. exf6 Qxf6 27. Re1 Re7 28. Qf3 Rf7 29. Qxf6 Rxf6 30. Ng2 Kd7 31. Ne3 Kd6 32. Rh4 Rgg6 33. f4 Ne7 34. Rh5 Rf8 35. Kf2 a6 36. Kf3 b5 37. axb5 axb5 38. Ng4 Nc6 39. Ne5 1/2-1/2

[Event "Renfrew op"]
[Site "Renfrew CAN"]
[Date "1997.08.23"]
[Round "3"]
[White "Teuton, Frank"]
[Black "Dydak, Mateusz"]
[Result "1-0"]
[WhiteElo "2204"]
[BlackElo "2078"]
[PlyCount "83"]
[GameId "2160767911932168"]
[EventDate "1997.08.23"]
[EventType "swiss"]
[EventRounds "5"]
[EventCountry "CAN"]

1. e4 e6 2. d4 d5 3. Nc3 Bb4 4. Nge2 Nf6 5. e5 Ne4 6. Qd3 c5 7. a3 Bxc3+ 8. Nxc3 Nxc3 9. Qxc3 cxd4 10. Qxd4 Qc7 11. Bf4 Nc6 12. Qe3 Qa5+ 13. Qd2 Qxd2+ 14. Kxd2 Bd7 15. Bd3 Rc8 16. Rae1 Ke7 17. h4 h5 18. Rh3 Rcg8 19. Rg3 f6 20. Rge3 Nd8 21. c4 Bc6 22. b4 dxc4 23. Bxc4 Bxg2 24. exf6+ gxf6 25. Bxe6 Nxe6 26. Rxe6+ Kf7 27. Re7+ Kg6 28. Bc7 Kf5 29. Rc1 Re8 30. Rg7 Bf3 31. Rc5+ Ke4 32. Rc4+ Kd5 33. Rf4 Bg4 34. f3 Bh3 35. Rxf6 Kc4 36. Rf4+ Kb3 37. Rg3 Bd7 38. Rd4 Bb5 39. f4+ Kb2 40. Be5 Ka2 41. Bxh8 Rxh8 42. f5 1-0

[Event "Renfrew op"]
[Site "Renfrew CAN"]
[Date "1997.08.24"]
[Round "4"]
[White "Teuton, Frank"]
[Black "Pacey, Kevin"]
[Result "1-0"]
[WhiteElo "2204"]
[BlackElo "2289"]
[PlyCount "82"]
[GameId "2160767911932169"]
[EventDate "1997.08.23"]
[EventType "swiss"]
[EventRounds "5"]
[EventCountry "CAN"]

1. g3 d5 2. Bg2 Nf6 3. Nf3 c6 4. O-O Bg4 5. d3 e6 6. Ne5 Bh5 7. h3 Nbd7 8. f4 Bd6 9. Nxd7 Qxd7 10. Qe1 d4 11. c4 a5 12. Qf2 Bc5 13. Na3 O-O 14. Nc2 Bg6 15. g4 Ne8 16. Ne1 f6 17. Bd2 Nc7 18. Nf3 Rfd8 19. Nh4 Bf7 20. Be4 Be7 21. f5 e5 22. Ng6 Bb4 23. Bc1 Qe8 24. Nh4 b5 25. b3 a4 26. Rb1 axb3 27. Rxb3 Be7 28. Qg2 bxc4 29. dxc4 Bxc4 30. Bxc6 Bd5 31. Bxd5+ Nxd5 32. a3 Bc5 33. Kh1 Ra7 34. g5 e4 35. Rg3 e3 36. Rg1 Rdd7 37. Rg4 fxg5 38. Nf3 Nf4 39. Rxf4 gxf4 40. Qg4 Qe4 41. Kh2 Be7 1-0

[Event "Renfrew op"]
[Site "Renfrew CAN"]
[Date "1997.08.24"]
[Round "5"]
[White "Pacey, Kevin"]
[Black "Cote, Jacques"]
[Result "1-0"]
[WhiteElo "2289"]
[BlackElo "2273"]
[PlyCount "85"]
[GameId "2160767911932170"]
[EventDate "1997.08.23"]
[EventType "swiss"]
[EventRounds "5"]
[EventCountry "CAN"]

1. e4 e5 2. Bc4 Nf6 3. d3 d5 4. exd5 Nxd5 5. Nf3 Nc6 6. O-O Bc5 7. Re1 O-O 8. c3 Bg4 9. h3 Bh5 10. b4 Bxf3 11. Qxf3 Ndxb4 12. Na3 Qe7 13. cxb4 Bxb4 14. Nc2 Bxe1 15. Nxe1 Qb4 16. Qe4 Nd4 17. a3 Qa5 18. Bb2 Rae8 19. Nf3 Nxf3+ 20. Qxf3 c6 21. Qe3 Kh8 22. a4 f5 23. Qe1 Qc7 24. Qc3 Rf6 25. Re1 a6 26. a5 h6 27. Rxe5 Rxe5 28. Qxe5 Qxe5 29. Bxe5 Rf8 30. f4 Kh7 31. Kf2 g5 32. Ke3 Rd8 33. g3 Kg6 34. d4 Re8 35. Kd2 gxf4 36. gxf4 Re7 37. Kc3 h5 38. h4 Re8 39. Kb4 Re7 40. Kc5 Kh6 41. Kd6 Re8 42. Kd7 Ra8 43. Kc7 1-0

[Event "Rockies Challenge"]
[Site "Hinton CAN"]
[Date "1997.12.06"]
[Round "2"]
[White "Goude, Brian"]
[Black "Rajski, Piotr"]
[Result "1/2-1/2"]
[WhiteElo "1373"]
[BlackElo "1653"]
[PlyCount "44"]
[GameId "2160767911874346"]
[EventDate "1997.12.06"]
[EventType "swiss"]
[EventRounds "4"]
[EventCountry "CAN"]
[SourceTitle "CFC 1998.02"]

1. e4 c5 2. Nf3 d6 3. d4 cxd4 4. Nxd4 Nf6 5. Nc3 Nc6 6. Bc4 g6 7. f3 Bg7 8. Be3 Bd7 9. g4 Rc8 10. Nxc6 Bxc6 11. Bxa7 O-O 12. Qe2 Qa5 13. Be3 Nxe4 14. O-O Nxc3 15. bxc3 Bxc3 16. Rab1 Bd5 17. Bxd5 Qxd5 18. a4 Ra8 19. Rfd1 Qc6 20. Rb6 Qc7 21. Rdb1 Rxa4 22. Rxb7 Qc4 1/2-1/2

[Event "Saint John CC Sect. 1"]
[Site "Saint John CAN"]
[Date "1997.02.10"]
[Round "2"]
[White "MacDonald, Jonathan"]
[Black "Papenhausen, Richard"]
[Result "1-0"]
[WhiteElo "2133"]
[BlackElo "1981"]
[PlyCount "119"]
[GameId "2160767911966526"]
[EventDate "1997.02.06"]
[EventType "tourn"]
[EventRounds "7"]
[EventCountry "CAN"]

1. e4 c5 2. b4 cxb4 3. a3 e5 4. Nf3 Nc6 5. axb4 Bxb4 6. c3 Bd6 7. Bc4 Nf6 8. O-O O-O 9. Re1 Qc7 10. Na3 Bxa3 11. Bxa3 d6 12. d4 Bg4 13. Ba2 Rfd8 14. Re3 d5 15. h3 dxe4 16. hxg4 exf3 17. d5 Nxg4 18. Rxf3 Kh8 19. Qa4 e4 20. Rg3 Nce5 21. Qxe4 Qb6 22. Rxg4 Nxg4 23. Qxg4 Qa5 24. Qb4 Qxb4 25. Bxb4 a5 26. Bc5 Rdc8 27. Bd4 b5 28. Rb1 Rab8 29. Kf1 Kg8 30. Ke2 Kf8 31. Kd3 f6 32. Bb3 Ke7 33. Re1+ Kd7 34. Ra1 a4 35. Bd1 Kd6 36. Bf3 Ra8 37. Be3 Rc4 38. Be4 Rac8 39. Bf4+ Ke7 40. Rc1 a3 41. d6+ Ke6 42. Re1 Rxc3+ 43. Kd2 R3c5 44. Bb7+ Kf7 45. Bxc8 Rxc8 46. Re7+ Kf8 47. Ra7 Rc4 48. Kd3 Ra4 49. Rxa4 bxa4 50. Kc2 Ke8 51. Kb1 Kd7 52. Ka2 g5 53. Bg3 h5 54. Kxa3 h4 55. Bh2 f5 56. Be5 Ke6 57. Kxa4 g4 58. Kb4 h3 59. gxh3 gxh3 60. Bh2 1-0

[Event "Saint John CC Sect. 1"]
[Site "Saint John CAN"]
[Date "1997.02.17"]
[Round "4"]
[White "Howarth, Anthony"]
[Black "Bogle, Bill"]
[Result "1/2-1/2"]
[WhiteElo "2272"]
[BlackElo "2284"]
[PlyCount "93"]
[GameId "2160767911966527"]
[EventDate "1997.02.06"]
[EventType "tourn"]
[EventRounds "7"]
[EventCountry "CAN"]

1. Nf3 d5 2. g3 c5 3. c4 dxc4 4. Qa4+ Nc6 5. Ne5 Qd5 6. Nxc6 Bd7 7. Rg1 Bxc6 8. Qc2 g6 9. Bg2 Qe6 10. Bxc6+ Qxc6 11. Qxc4 Bg7 12. Nc3 Nf6 13. Qb5 Rc8 14. Rb1 O-O 15. Qxc6 Rxc6 16. b3 e5 17. d3 Re8 18. Bg5 h6 19. Bxf6 Bxf6 20. e4 Rd8 21. Ke2 Rdc8 22. Rgc1 Bg5 23. Rc2 f5 24. Nd5 Kf7 25. Rc3 Ke6 26. Rb2 Bd8 27. Rc1 Bg5 28. Rcc2 Bf6 29. f3 Bd8 30. Kd1 b5 31. a4 a6 32. axb5 axb5 33. b4 c4 34. dxc4 Rxc4 35. Rxc4 Rxc4 36. Rc2 Rxc2 37. Kxc2 fxe4 38. fxe4 Kd6 39. Kd3 g5 40. g4 Kc6 41. Ne3 Be7 42. Kc3 Kd7 43. Nd5 Bd8 44. Kd3 Kc6 45. Ke2 Kd7 46. Kf3 Be7 47. Nxe7 1/2-1/2

[Event "Saint John CC Sect. 1"]
[Site "Saint John CAN"]
[Date "1997.02.10"]
[Round "6"]
[White "Davis, Neil"]
[Black "Howarth, Anthony"]
[Result "1-0"]
[WhiteElo "1981"]
[BlackElo "2272"]
[PlyCount "99"]
[GameId "2160767911966528"]
[EventDate "1997.02.06"]
[EventType "tourn"]
[EventRounds "7"]
[EventCountry "CAN"]

1. d4 g6 2. Nf3 Bg7 3. c4 d6 4. Nc3 Nc6 5. g3 Bg4 6. Bg2 Qc8 7. Be3 Bh3 8. Bxh3 Qxh3 9. Nb5 Qd7 10. Qa4 Kf8 11. Nc3 Nf6 12. h3 h6 13. d5 Nd8 14. Qc2 c5 15. Qd2 Ne8 16. a4 Rb8 17. g4 a6 18. Ra3 Kg8 19. Bf4 Nc7 20. Rb3 h5 21. g5 Bxc3 22. Rxc3 Qxa4 23. O-O Qd7 24. Kg2 b5 25. b3 Kh7 26. e4 f6 27. Rg1 Nf7 28. Kh2 Rhg8 29. Nh4 Ne5 30. Qe2 Rbf8 31. Rcg3 Qe8 32. gxf6 Rxf6 33. Bg5 Qf7 34. Bxf6 Qxf6 35. Nf3 bxc4 36. bxc4 Nxf3+ 37. Rxf3 Qe5+ 38. Kh1 Rg7 39. Rf8 a5 40. f4 Qc3 41. Kh2 Na6 42. Rg5 Kh6 43. Qg2 Kh7 44. Qe2 Kh6 45. Rh8+ Rh7 46. Rxg6+ Kxg6 47. Qg2+ Kf7 48. Qg8+ Kf6 49. Qg5+ Kf7 50. Rxh7+ 1-0

[Event "Saint John CC Sect. 1"]
[Site "Saint John CAN"]
[Date "1997.03.10"]
[Round "6"]
[White "Papenhausen, Richard"]
[Black "Bogle, Bill"]
[Result "1/2-1/2"]
[WhiteElo "1981"]
[BlackElo "2284"]
[PlyCount "45"]
[GameId "2160767911966529"]
[EventDate "1997.02.06"]
[EventType "tourn"]
[EventRounds "7"]
[EventCountry "CAN"]

1. d4 Nf6 2. c4 e5 3. dxe5 Ng4 4. Nf3 Nc6 5. a3 Ngxe5 6. e3 g6 7. Bd2 Bg7 8. Nxe5 Nxe5 9. Bc3 O-O 10. Be2 d6 11. O-O Be6 12. Nd2 a5 13. Rc1 a4 14. Re1 Qe7 15. Nf3 Rfd8 16. Qc2 f6 17. Nxe5 fxe5 18. e4 Qf7 19. Bd2 Rf8 20. Rf1 g5 21. Qb1 Qg6 22. Rc3 g4 23. c5 1/2-1/2

[Event "Saint John CC Sect. 1"]
[Site "Saint John CAN"]
[Date "1997.03.03"]
[Round "7"]
[White "Torrie, John"]
[Black "Papenhausen, Richard"]
[Result "1/2-1/2"]
[WhiteElo "1966"]
[BlackElo "1981"]
[PlyCount "58"]
[GameId "2160767911966530"]
[EventDate "1997.02.06"]
[EventType "tourn"]
[EventRounds "7"]
[EventCountry "CAN"]

1. e4 c5 2. Nf3 Nc6 3. b4 cxb4 4. d4 d5 5. exd5 Qxd5 6. c4 bxc3 7. Nxc3 Qa5 8. Bd2 Nf6 9. Bb5 e6 10. Ne5 Bd7 11. Nxd7 Nxd7 12. d5 Ncb8 13. dxe6 fxe6 14. Qh5+ Kd8 15. Qf7 a6 16. Bxd7 Qe5+ 17. Kf1 Nxd7 18. Re1 Qf6 19. Qxe6 Qxe6 20. Rxe6 Bb4 21. Bg5+ Nf6 22. Bxf6+ gxf6 23. Nd5 Kd7 24. Rxf6 Rac8 25. Ke2 Rc2+ 26. Kd3 Rd2+ 27. Kc4 Ba5 28. Rf7+ Ke6 29. Rf6+ Kd7 1/2-1/2

[Event "Saint John CC Sect. 2"]
[Site "Saint John CAN"]
[Date "1997.02.06"]
[Round "1"]
[White "Hanson, John"]
[Black "Boyce, Brian"]
[Result "1-0"]
[WhiteElo "1833"]
[BlackElo "1820"]
[PlyCount "99"]
[GameId "2160767911966531"]
[EventDate "1997.02.06"]
[EventType "tourn"]
[EventRounds "7"]
[EventCountry "CAN"]

1. e4 e5 2. Nf3 Nc6 3. Bb5 d6 4. d4 Bd7 5. O-O exd4 6. Bxc6 Bxc6 7. Qxd4 Nf6 8. Re1 Be7 9. e5 dxe5 10. Qxe5 Qd6 11. Qxd6 cxd6 12. Nd4 g6 13. Nc3 Kd7 14. Bg5 h6 15. Rxe7+ Kxe7 16. Re1+ Kd7 17. Bxf6 Rhe8 18. Rd1 a6 19. Nxc6 bxc6 20. h3 Re6 21. Bh4 Rae8 22. Kf1 f5 23. Na4 Kc7 24. Bg3 Rd8 25. Nc5 Rf6 26. Nxa6+ Kb6 27. Nb4 f4 28. Bh2 g5 29. Nd3 Re8 30. a4 Rfe6 31. Nc1 d5 32. f3 Ka5 33. Nb3+ Kb6 34. a5+ Kc7 35. a6 Ra8 36. Bg1 Re7 37. a7 Kc8 38. Na5 Re6 39. Re1 Rxe1+ 40. Kxe1 Kc7 41. Bc5 Kd7 42. Nb3 Kc8 43. Nd4 Kb7 44. b4 Re8+ 45. Kd2 Rg8 46. Ke2 Re8+ 47. Kf2 Rg8 48. Nf5 Rg6 49. Nd6+ Ka8 50. Ne8 1-0

[Event "Saint John CC Sect. 2"]
[Site "Saint John CAN"]
[Date "1997.03.06"]
[Round "5"]
[White "Ossinger, Brian"]
[Black "Massey, Phil"]
[Result "1-0"]
[WhiteElo "1703"]
[BlackElo "1821"]
[PlyCount "75"]
[GameId "2160767911966532"]
[EventDate "1997.02.06"]
[EventType "tourn"]
[EventRounds "7"]
[EventCountry "CAN"]

1. d4 d5 2. Nf3 c5 3. dxc5 Nc6 4. e3 e5 5. c3 Bg4 6. Be2 Bxf3 7. Bxf3 e4 8. Bg4 Bxc5 9. O-O Nf6 10. Bh3 O-O 11. a4 a5 12. Nd2 Qe7 13. Qe2 Rfe8 14. Nb3 Bd6 15. Nd4 Qe5 16. f4 exf3 17. Nxf3 Qh5 18. Qd3 Rad8 19. Bd2 Ne4 20. Rae1 Nxd2 21. Nxd2 g6 22. Rf2 Bc5 23. Nb3 Ne5 24. Qf1 Bb6 25. Nd4 Qh4 26. Rf4 Qe7 27. Kh1 Nc4 28. Qf2 Bc7 29. Rg4 Nxe3 30. Nf5 Nxg4 31. Nxe7+ Rxe7 32. Bxg4 Rde8 33. Rxe7 Rxe7 34. g3 b6 35. Kg2 h5 36. Bf3 Kf8 37. Bxd5 Kg8 38. c4 1-0